Linia kolejowa 282 - Statystyki

Ogólne statystyki
  • Ten quiz został rozwiązany 3 razy
  • Średni wynik to 17 z 25
Statystyki odpowiedzi
Punkt (rodzaj) Nazwa % Poprawnych
Stacja Bolesławiec
100%
Stacja(282, 316) Chojnów
100%
Stacja Iłowa Żagańska
100%
stacja początkowa(282, 296, 275) Miłkowice
100%
stacja Okmiany
100%
Przystanek osobowy Stary Węgliniec
100%
przystanek osobowy Tomaszów Bolesławiecki
100%
Stacja (278, 279, 282, 295, 975) Węgliniec
100%
Stacja(14, 282, 370) Żary
100%
Stacja (282, 283) Zebrzydowa
100%
Posterunek odstępowy i bocznica(zliwidowany) Brzeźnik Biała
50%
posterunek odstępowy(zlikwidowany) Dobra
50%
posterunek odstępowy(zlikwidowany) Dobroszów
50%
Przystanek osobowy i bocznica szlakowa Jagodzin
50%
Stacja(282, 380, 389) Jankowa Żagańska
50%
Stacja (282, 275 zlikwidowana w rewitalizacji) Jasień
50%
Przystanek Osobowy Konin Żagański
50%
posterunek odstępowy(zlikwidowany) Kraśnik Górny
50%
Przystanek Osobowy Okrąglica
50%
przystanek osobowy Osetnica
50%
Stacja Ruszów
50%
Posterunek Odgałęźny(282 - zlikwidowane, 14 - czynne) Sieniawa Żarska
50%
Przystanek osobowy Zagajnik
50%
Przystanek Osobowy Żary Kunice
50%
Stacja (zlikwidowana) Lipsk Żarski
0%
Nie znaleziono quizów pasujących do podanych kryteriów
Rozkład punktacji
Procent ludzi z każdym wynikiem
Percentyl według liczby udzielonych odpowiedzi
Twoja historia wyników
Nie rozwiązałeś tego quizu